000
00218nam a22000857a 4500
008
161024b xxu||||| |||| 00| 0 eng d
100
_9
948
_a
Koshy.Z.S.
245
_a
Computer Made Friendly
260
_a
New Delhi
_b
Cordona
_c
2010
999
_c
3603
_d
3603